| 000 | 00000nam##2200000za#4500 |
| 001 | 9.608041 |
| 003 | CaOODSP |
| 005 | 20210624213428 |
| 007 | cr ||||||||||| |
| 008 | 150406|2006||||xxc|||||o f|0| 0 fre|d |
| 040 | |aCaOODSP|bfre |
| 043 | |an-cn--- |
| 086 | 1 |aNH18-22/106-104F-PDF |
| 110 | 2 |aSociété canadienne d'hypothèques et de logement. |
| 245 | 10|aSuivi environnemental des ménages : |h[ressource électronique]|bune stratégie visant à aider les propriétaires à réduire leurs impacts sur l'environnement |
| 250 | |aRévision 2010 |
| 260 | |aOttawa - Ontario : |bSociété canadienne d'hypothèques et de logement |cc2006, 2010. |
| 300 | |a6p.|bfigures, tableaux |
| 490 | 1 |aLe point en recherche. Série technique|v06-104 |
| 500 | |aFichier reproduit à partir de l'original imprimé. |
| 590 | |a14-20-Supp|b2014-11-25 |
| 775 | 08|tHousehold environmental monitoring : |w(CaOODSP)9.581195 |
| 776 | 0#|tSuivi environnemental des ménages : |w(CaOODSP)9.627340 |
| 830 | #0|aLe point en recherche. Série technique ;|v06-104|w(CaOODSP)9.501067 |
| 856 | 40|ahttp://publications.gc.ca|qPDF|s189 Ko|uhttps://publications.gc.ca/collections/collection_2014/schl-cmhc/NH18-22-106-104-fra.pdf|y06-104 |